| 000 | 004790000a22001810004500 | ||
|---|---|---|---|
| 003 | LK-CoMWRAF | ||
| 005 | 20231203183351.0 | ||
| 008 | 230817t ||||| |||| 00| 0 eng d | ||
| 020 | _a906832134X | ||
| 040 |
_aLK-CoMWRAF _dLK-CoMWRAF _eLK-CoMWRAF |
||
| 041 | _aeng | ||
| 082 |
_a658.15 _bWIL |
||
| 100 | _aWilson,Elizabeth Westman | ||
| 245 | _aBuilding fundraising programs to attract community support | ||
| 260 |
_aNetherlands _bKIT _c2001 |
||
| 300 | _ap.279 | ||
| 942 | _cBK | ||
| 999 |
_c402 _d402 |
||